Družka / (Záznam č. 34151)
| 000 -Návěští | |
|---|---|
| Řídící pole kódované 24B | 02078nam a2200361 i 4500 |
| 001 - Kontrolní číslo | |
| Řídící pole proměnné | nkc20253720475 |
| 003 - Identifikátor kontrolního čísla | |
| Řídící pole proměnné | CZ PrSKC |
| 005 - Datum posledního zpracování | |
| Řídící pole 16B | 20260415083949.0 |
| 007 - Pole pevné délky pro fyzický popis | |
| Řídící pole kódované | ta |
| 008 - Údaje pevné délky | |
| Řídící pole kódované 40B | 251114s2025 xr g 000 f cze |
| 020 ## - ISBN | |
| ISBN | 9788028410629 |
| 040 ## - Zdroj katalogizace-agentura | |
| Agentura původní katalogizace | ABG001 |
| Jazyk katalogizace | cze |
| Agentura upravující záznam | ABA001 |
| Použitá pravidla popisu | rda |
| 041 1# - Kód jazyka | |
| Kód jazyka textu/zvuku, mezititulků | cze |
| Kód jazyka originálu | eng |
| 072 #7 - Kód předmětové kategorie - Konspekt | |
| Předmětová kategorie | 821.111(73)-3 |
| Zpřesnění předmětové kategorie | Americká próza |
| Zdroj předmětové klasifikace | Konspekt |
| 080 ## - MDT | |
| Klasifikační znak MDT | 821.111(73)-31 |
| Idetifikátor vydání MDT | MRF |
| 080 ## - MDT | |
| Klasifikační znak MDT | (0:82-312.9) |
| Idetifikátor vydání MDT | MRF |
| 100 1# - Hlavní záhlaví - osobní jméno autora | |
| Osobní jméno | Hazelwood, Ali |
| Kód role | aut |
| 9 (RLIN) | 16565 |
| 240 10 - Unifikovaný název | |
| Unifikovaný název | <a href="Mate.">Mate.</a> |
| Jazyk díla | Česky |
| 245 10 - Údaje o názvu | |
| Název | Družka / |
| Údaj o odpovědností, atd. | Ali Hazelwood ; přeložila Jitka Čupová |
| 250 ## - Údaje o vydání | |
| Označení vydání | Vydání první |
| 264 #1 - Nakladatelské údaje | |
| Místo vydání | Praha : |
| Nakladatel | Euromedia Group, |
| Rok vydání | 2025 |
| 300 ## - Fyzický popis | |
| Rozsah | 470 stran ; |
| Rozměry | 20 cm |
| 500 ## - Všeobecná poznámka | |
| Text obecné poznámky | "Vydala Euromedia Group, a.s. v edici Laser"--Tiráž |
| 500 ## - Všeobecná poznámka | |
| Text obecné poznámky | Přeloženo z angličtiny |
| 520 2# - Anotace | |
| Anotace, atd. | Pokračování paranormální romance o nebezpečném spojenectví mezi upírkou a vlkodlakem. |
| Rozšířený text anotace | Serena Parisová se rozhodla veřejně vystoupit a oznámit světu, co je zač. Její existence coby křížence mezi vlkodlakem a člověkem měla urovnat staletí trvající rozkol mezi oběma druhy. Místo toho se však stala terčem bezohledných politických machinací. Síť se kolem ní začíná stahovat a zbývá jí jediná možnost - ochrana vůdce severozápadní smečky. Jako každý alfa, vyžaduje Koen Alexander od ostatních naprostou poslušnost. Jeho autorita je natolik bezvýhradná, že ohrozit jeho družku by se odvážil jen naprostý blázen. Nezáleží na tom, že Serena jeho city neopětuje - nic mu nezabrání, aby jí zajistil bezpečí. Jenže mocichtiví upíři a vlkodlaci nejsou jedinou hrozbou, která Serenu pronásleduje. Dostihne ji její minulost, a aby toho nebylo málo, zradí ji i vlastní tělo - a Koen je pro ni možná jediná šance, jak se z toho všeho dostat. Nakladatelská anotace. |
| 655 #7 - Rejstříkový termín - žánr/forma | |
| Žánr/forma či základní termín | americké romány |
| 655 #7 - Rejstříkový termín - žánr/forma | |
| Žánr/forma či základní termín | fantasy romány |
| 655 #9 - Rejstříkový termín - žánr/forma | |
| Žánr/forma či základní termín | American fiction |
| 655 #9 - Rejstříkový termín - žánr/forma | |
| Žánr/forma či základní termín | fantasy novels |
| 700 1# - Vedlejší záhlaví - osobní jméno autora | |
| Osobní jméno | Čupová, Jitka, |
| Datumy související se jménem | 1975- |
| Kód role | trl |
| 9 (RLIN) | 19008 |
| 910 ## - Údaje o vlastníkovi jednotky (exempláře) | |
| Sigla vlastníka jednotky | ABG508 |
| Stav ztráty | Zdroj klasifikace pro skladování | Stav poškození |
|---|---|---|
| Universal Decimal Classification |